000 00580nam a22001697a 4500
008 160211b xxu||||| |||| 00| 0 eng d
020 _a1437717822
100 _aVarcarolis Elizabeth M.
245 _aPsychiatric Nursing Care Planning
_bAssessment Guides, Diagnosis, Psychopharmacology
250 _a4th ed.
260 _aNew York
_bElsevier Saunders
_c2011
300 _aix, 755p.
650 _aMental Disorders
_vHandbook
650 _aNursing Assessment
_vHandbook
650 _aPsychiatric Nursing
_vmethods
942 _2lcc
_cBK
_e4th ed.
_hRC 440
_k.V37 2011 C.1
999 _c15640
_d15640